| 000 | 01187nab a2200181 i 4500 | ||
|---|---|---|---|
| 001 | 768714001 | ||
| 003 | CO-MdFUSB | ||
| 005 | 20240430083404.0 | ||
| 008 | 240429b sp ||||| |||| 00| 0 spa d | ||
| 040 |
_bspa _cCO-MdFUSB _dCO-MdFUSB |
||
| 041 | _aspa | ||
| 100 |
_aRoss, Susan A. _eautor |
||
| 245 | 1 | 3 |
_aLa antropología cristiana y la idea esencialista de género : _bclasicismo y mentalidad histórica _c/ Susan A. Ross |
| 520 | _aEn este breve artículo podremos conocer la perspectiva antropológica teológica de Benedicto XVI y cómo se aplica a las mujeres. Lo motivó la comunicación de julio de 2004 sobre la cooperación entre hombres y mujeres en la Congregación para la Doctrina de la Fe, cuyo líder es el cardenal Ratzinger. Luego se centra en dos puntos problemáticos de la antropología teológica de Benedicto para mostrar que son sintomáticos no sólo de género sino también de cuestiones eclesiales mucho más amplias. | ||
| 650 | 7 |
_aAntropología cultural y social _96714 |
|
| 773 | 0 |
_049450 _960405 _oR0341 _tRevista internacional de teología Concilium _w(CO-MdFUSB)8 _x0210-1041 _gNúmero 314, (febrero, 2006), páginas: 51 - 58 _qpágina: 51 |
|
| 942 | _cANA | ||
| 999 |
_c69429 _d69429 |
||